000 00573nam a22001817a 4500
003 dpl
005 20180810162157.0
008 180810b xxu||||| |||| 00| 0 eng d
010 _aA-715668
016 _aA-715668
035 _aA-715668
040 _c0
082 _a280.3
245 _aAsian expressions of christian commitment :
_cby Dayanandan francis, Balasundaram. J
_bA reader in asian theology /
260 _aMadras
_bThe christian literature society
_c1992
300 _aix, 416p.
_c22cm. (Hb)
942 _adpl
_cEN
_k280/ FRA
_2ddc
_h280
_mFRA
999 _c155761
_d155761